Länder mit dem höchsten Kokainkonsum - Statistiken

Allgemein
  • Dieses Quiz wurde 357 mal gespielt
  • Das Durchschnittsergebnis liegt bei 17 aus 30
Antwortstatistiken
Platz Land Prozentualer Anteil % Korrekt
3. Vereinigte Staaten 2,9%
97%
28. Mexiko 0,8%
94%
30. Kolumbien 0,7%
90%
13. Kanada 1,47%
87%
21. Brasilien 1%
86%
5. Spanien 2,2%
82%
10. Frankreich 1,6%
78%
9. Argentinien 1,67%
77%
5. Niederlande 2,2%
76%
17. Italien 1,21%
74%
2. Vereinigtes Königreich 3,5%
73%
15. Chile 1,38%
70%
14. Polen 1,4%
68%
4. Australien 2,6%
61%
27. Schweiz 0,81%
58%
18. Norwegen 1,1%
53%
10. Dänemark 1,6%
49%
12. Irland 1,5%
48%
7. Uruguay 1,8%
47%
16. Costa Rica 1,33%
42%
20. Südafrika 1,02%
42%
25. Honduras 0,87%
39%
19. Island 1,06%
39%
22. Jamaika 0,98%
39%
28. Kroatien 0,8%
33%
24. Haiti 0,88%
30%
26. Belize 0,85%
26%
1. Albanien 5,91%
23%
7. Montenegro 1,8%
10%
23. Grenada 0,9%
5%
Keine übereinstimmenden Quizze gefunden
Verteilung der Resultate
Anzahl Personen mit jedem Resultat
Perzentil nach korrekt beantworteten Fragen
Ihre Resultats-Entwicklung
Sie haben dieses Quiz noch nicht gespielt